000 01857nam a2200421 c 4500
001 13796
003 ES-MaCES
005 20180205141720.0
008 020628m20012001lu i000 | eng d
020 _a9289600349 (o.c.)
035 _aCES20020008299m
040 _aES-MaCES
_bspa
_cES-MaCES
245 0 0 _aTraining in Europe
_b: second report on vocational training research in Europe 2000 : background report
_cPascaline Descy, Manfred Tessaring (eds.)
260 _aLuxembourg
_bOffice for Official Publications of the European Communities
_a[Thessaloniki
_bCEDEFOP]
_c2001
300 _a3 v.
_c30 cm
490 1 _aCEDEFOP reference series
500 _aPosteriormente, se publicó un informe de síntesis de esta publ. bajo el tít.: Formar y aprender para la competencia profesional, segundo informe de la investigación sobre formación profesional en Europa : informe de síntesis
505 0 _aV.1.: ISBN 92-896-0035-7. - X, 430 p. -- V.2: ISBN 92-896-0036-5. - VI, 610 p. -- V.3: ISBN 92-896-0037-3. - VI, 460 p.
541 _cCompra
650 4 _aformación profesional
_927394
650 4 _aformación profesional permanente
_929931
650 4 _arelación formación empleo
_929976
650 4 _apolítica de formación
_929974
650 4 _aEuropa
_926940
650 4 _a2000
_930991
650 4 _ainforme
_928986
653 1 0 _aEducación
650 4 _929020
_apaís de la UE
650 4 _926752
_aUE
700 1 _aDescy, Pascaline
_eed. lit.
_910590
700 1 _aTessaring, Manfred
_eed. lit.
_924819
710 2 _91909
_aCentro Europeo para el Desarrollo de la Formación Profesional
_eed.
767 0 _tFormar y aprender para la competencia profesional
_w(ES-MaCES)14680
830 0 _aCEDEFOP reference series
_933758
902 _aLIB Libro
942 _2CES
_cBK
_h4.0.
999 _c13796
_d13796